[Event "St Petersburg Korchnoi Memorial op"]
[Site "St Petersburg"]
[Date "2023.08.21"]
[Round "6"]
[White "Demchenko, Maksim Dm"]
[Black "German, Nikita"]
[Result "0-1"]
[WhiteElo "1736"]
[BlackElo "2054"]
[PlyCount "174"]
[EventDate "2023.08.18"]
[EventType "swiss"]
[EventRounds "9"]
[EventCountry "RUS"]
[SourceTitle "EXT 2024"]
[Source "ChessBase"]
[SourceDate "2023.10.10"]
[SourceVersion "1"]
[SourceVersionDate "2023.10.10"]
[SourceQuality "1"]

1. d4 Nf6 2. c4 g6 3. g3 Bg7 4. Bg2 0-0 5. Nf3 d6 6. 0-0 c6 7. Nc3 Qb6 8. b3 e5 9. e3 Na6 10. Bb2 e4 11. Ne1 Bf5 12. Nc2 Rfe8 13. Ba3 Qd8 14. b4 Nc7 15. Rb1 Qd7 16. b5 cxb5 17. cxb5 Nfd5 18. Nxd5 Nxd5 19. Rb3 Rac8 20. Bb2 Nb6 21. d5 Bxb2 22. Rxb2 Rc5 23. Nd4 Rxd5 24. a4 Bh3 25. Qb3 Bxg2 26. Kxg2 Rc5 27. Rc2 Rec8 28. Rfc1 Rxc2 29. Rxc2 Rc5 30. a5 Nd5 31. Rd2 Ne7 32. Qb4 Nf5 33. Ne2 Qxb5 34. Qxb5 Rxb5 35. a6 bxa6 36. g4 Ne7 37. Rxd6 a5 38. Ra6 Nd5 39. Rxa7 Rb2 40. Kf1 Rb1+ 41. Kg2 Rb2 42. Kf1 Ra2 43. Ng3 Ra1+ 44. Kg2 Ra2 45. Kf1 Ra4 46. Ne2 Ra1+ 47. Kg2 a4 48. Nd4 a3 49. Nc2 Ra2 50. Ra8+ Kg7 51. Rc8 Rb2 52. Nxa3 Nxe3+ 53. Kg3 Nd1 54. Nc2 Rb3+ 55. Kg2 Rf3 56. Rc7 Rxf2+ 57. Kg1 Rd2 58. Rc4 Nf2 59. Ne3 Nh3+ 60. Kf1 Rxh2 61. Rxe4 Ra2 62. Rb4 Kf6 63. Rb7 Ke6 64. Rb5 h6 65. Rc5 Ng5 66. Rb5 Ne4 67. Rb7 Rh2 68. Ra7 Kf6 69. Ra5 h5 70. gxh5 Rxh5 71. Rxh5 Ng3+ 72. Kf2 Nxh5 73. Kf3 Kg5 74. Nd5 f5 75. Ne3 Kf6 76. Nd5+ Ke5 77. Ne7 g5 78. Nc6+ Kf6 79. Nd4 g4+ 80. Kf2 f4 81. Nb5 Ke5 82. Nc3 Nf6 83. Ne2 Ne4+ 84. Kf1 f3 85. Nc1 g3 86. Nd3+ Kd4 87. Ne1 Nd2+ 0-1

[Event "St Petersburg Korchnoi Memorial op"]
[Site "St Petersburg"]
[Date "2023.08.21"]
[Round "5"]
[White "German, Nikita"]
[Black "Komov, Roman"]
[Result "0-1"]
[WhiteElo "2054"]
[BlackElo "2301"]
[PlyCount "114"]
[EventDate "2023.08.18"]
[EventType "swiss"]
[EventRounds "9"]
[EventCountry "RUS"]
[SourceTitle "EXT 2024"]
[Source "ChessBase"]
[SourceDate "2023.10.10"]
[SourceVersion "1"]
[SourceVersionDate "2023.10.10"]
[SourceQuality "1"]

1. e4 c5 2. Nf3 e6 3. d4 cxd4 4. Nxd4 a6 5. Bd3 Bc5 6. Nb3 Ba7 7. 0-0 Ne7 8. c4 d6 9. Nc3 Nbc6 10. Qe2 0-0 11. Rd1 e5 12. Be3 Be6 13. Nd5 Bxd5 14. cxd5 Nb4 15. Bxa7 Rxa7 16. Bb1 a5 17. a3 Na6 18. Qe3 Ra8 19. Bd3 a4 20. Bxa6 Rxa6 21. Nd2 b5 22. Rac1 f5 23. Kh1 f4 24. Qh3 Ra7 25. Nf3 h6 26. Qe6+ Kh8 27. Rd3 Rf6 28. Qh3 Rc7 29. Rdc3 Rxc3 30. Rxc3 Qb6 31. Rc2 b4 32. axb4 Qxb4 33. Nd2 f3 34. gxf3 Qd4 35. Qf1 Ng6 36. Qe2 Nf4 37. Qe3 Qb4 38. Qc3 Rg6 39. Nf1 Qb6 40. Ng3 Kh7 41. Qe3 Qb5 42. Ne2 Nh3 43. Rc1 Qxb2 44. Rf1 a3 45. Ng3 a2 46. Qc1 Qb3 47. Qe3 Qb2 48. Qc1 Qd4 49. Qa3 Nf4 50. Kg1 Qd2 51. Kh1 Nd3 52. Kg1 Qe2 53. Qa7 Ne1 54. Qa3 Nxf3+ 55. Kg2 Ne1+ 56. Kg1 Qxe4 57. f3 Qd4+ 0-1

[Event "St Petersburg Korchnoi Memorial op"]
[Site "St Petersburg"]
[Date "2023.08.19"]
[Round "3"]
[White "German, Nikita"]
[Black "Kozyakov, Andrey"]
[Result "1/2-1/2"]
[WhiteElo "2054"]
[BlackElo "1824"]
[PlyCount "81"]
[EventDate "2023.08.18"]
[EventType "swiss"]
[EventRounds "9"]
[EventCountry "RUS"]
[SourceTitle "EXT 2024"]
[Source "ChessBase"]
[SourceDate "2023.10.10"]
[SourceVersion "1"]
[SourceVersionDate "2023.10.10"]
[SourceQuality "1"]

1. e4 c5 2. Nf3 d6 3. d4 cxd4 4. Nxd4 Nf6 5. Nc3 a6 6. Be2 e5 7. Nb3 Be6 8. Be3 Be7 9. Qd3 Nbd7 10. Nd5 Bxd5 11. exd5 Rc8 12. c4 0-0 13. 0-0 Ne8 14. Qd2 f5 15. f4 Nef6 16. Rac1 Ne4 17. Qb4 b6 18. Nd2 a5 19. Qa3 Nec5 20. Kh1 Kh8 21. g4 exf4 22. Rxf4 Bg5 23. Rxf5 Bxe3 24. Qxe3 Rxf5 25. gxf5 Qf6 26. b3 Qxf5 27. Nf3 Nf6 28. Nd4 Qe4+ 29. Qxe4 Nfxe4 30. a3 a4 31. bxa4 Nxa4 32. Kg1 Nec3 33. Bf1 Re8 34. Ne6 Ne4 35. Bh3 Nb2 36. Rc2 Nd3 37. Bf5 Nec5 38. Rc3 Ne5 39. Kg2 g6 40. Nxc5 bxc5 41. Bc2 1/2-1/2

[Event "St Petersburg Korchnoi Memorial op"]
[Site "St Petersburg"]
[Date "2023.08.18"]
[Round "1"]
[White "German, Nikita"]
[Black "Igumnov, Nikita"]
[Result "1/2-1/2"]
[WhiteElo "2054"]
[BlackElo "1520"]
[PlyCount "100"]
[EventDate "2023.08.18"]
[EventType "swiss"]
[EventRounds "9"]
[EventCountry "RUS"]
[SourceTitle "EXT 2024"]
[Source "ChessBase"]
[SourceDate "2023.10.10"]
[SourceVersion "1"]
[SourceVersionDate "2023.10.10"]
[SourceQuality "1"]

1. e4 c5 2. Nf3 e6 3. d4 cxd4 4. Nxd4 Nf6 5. Nc3 Nc6 6. Nxc6 bxc6 7. Bd3 d5 8. 0-0 Be7 9. Bf4 0-0 10. Re1 Bb7 11. e5 Nd7 12. Re3 g6 13. Rh3 Bg5 14. Qg4 Bxf4 15. Qxf4 f5 16. exf6 Qxf6 17. Qd2 Nc5 18. Re1 e5 19. Rf3 Qg7 20. Rxf8+ Rxf8 21. b4 Nxd3 22. cxd3 Bc8 23. Na4 Qf6 24. Nc5 Qf4 25. Rd1 Qd4 26. Nb3 Qb6 27. d4 e4 28. Nc5 Qc7 29. Re1 Qf7 30. Qe3 Qf6 31. a4 g5 32. Rf1 Qf4 33. Re1 h5 34. Rc1 h4 35. h3 Qf6 36. Nb3 g4 37. hxg4 Bxg4 38. b5 cxb5 39. axb5 h3 40. Qg3 Qg7 41. Rc7 Qg6 42. gxh3 Rf3 43. Qxg4 Qxg4+ 44. hxg4 Rxb3 45. Rxa7 Rxb5 46. Rd7 Kf8 47. Kg2 Ke8 48. Ra7 Rb4 49. Kg3 Rxd4 50. Kf4 Rd2 1/2-1/2

[Event "Marianske Lazne IM-B2 18th"]
[Site "Marianske Lazne"]
[Date "2019.01.19"]
[Round "1"]
[White "Ng, Jen Sheng"]
[Black "German, Nikita"]
[Result "1/2-1/2"]
[WhiteElo "2075"]
[BlackElo "2162"]
[PlyCount "43"]
[EventDate "2019.01.19"]
[EventType "tourn"]
[EventRounds "9"]
[EventCountry "CZE"]
[EventCategory "1"]
[SourceTitle "CBM 188 Extra"]
[Source "ChessBase"]
[SourceDate "2019.02.26"]
[SourceVersion "1"]
[SourceVersionDate "2019.02.26"]
[SourceQuality "1"]

1. e4 e6 2. d4 d5 3. Nc3 Bb4 4. e5 c5 5. Bd2 Ne7 6. Nb5 Bxd2+ 7. Qxd2 0-0 8. c3 Nbc6 9. f4 Qb6 10. Nf3 Bd7 11. dxc5 Qxc5 12. Nbd4 f6 13. exf6 Rxf6 14. Be2 Qd6 15. g3 e5 16. Nxc6 Nxc6 17. 0-0-0 exf4 18. Qxd5+ Qxd5 19. Rxd5 Bg4 20. Rg5 Be6 21. gxf4 Rxf4 22. Rhg1 1/2-1/2

[Event "Voronezh op-A 22nd"]
[Site "Voronezh"]
[Date "2018.06.14"]
[Round "3"]
[White "Lazarov, Alexander1111"]
[Black "German, Nikita"]
[Result "0-1"]
[WhiteElo "2389"]
[BlackElo "2182"]
[PlyCount "88"]
[EventDate "2018.06.12"]
[EventType "swiss"]
[EventRounds "9"]
[EventCountry "RUS"]
[SourceTitle "CBM 185 Extra"]
[Source "ChessBase"]
[SourceDate "2018.07.29"]
[SourceVersion "1"]
[SourceVersionDate "2018.07.29"]
[SourceQuality "1"]

1. c4 Nf6 2. Nc3 g6 3. g3 Bg7 4. Bg2 0-0 5. e4 d6 6. Nge2 e5 7. 0-0 Re8 8. h3 Nbd7 9. d3 c6 10. Kh2 Rb8 11. f4 exf4 12. Bxf4 Nc5 13. Qd2 a6 14. b4 Ne6 15. Be3 b5 16. cxb5 axb5 17. d4 Nc7 18. d5 cxd5 19. exd5 Bb7 20. Bd4 Ncxd5 21. Nxd5 Nxd5 22. Bxg7 Kxg7 23. Bxd5 Bxd5 24. Qd4+ Kg8 25. Nc3 Ba8 26. Rf6 Qb6 27. Rxd6 Qxd4 28. Rxd4 Re3 29. Nd5 Re2+ 30. Kg1 Kg7 31. Nf4 Rb2 32. Rf1 Rc8 33. Rd7 Rcc2 34. Ra7 Bc6 35. Rc7 Rxa2 36. h4 Rab2 37. g4 Be4 38. Ne6+ Kg8 39. Rd1 Rg2+ 40. Kf1 Rgf2+ 41. Kg1 fxe6 42. Rd8+ Rf8 43. Rxf8+ Kxf8 44. Rxh7 Rg2+ 0-1

[Event "Voronezh op-A 22nd"]
[Site "Voronezh"]
[Date "2018.06.12"]
[Round "1"]
[White "Looshnikov, Nikolai"]
[Black "German, Nikita"]
[Result "1-0"]
[WhiteElo "2424"]
[BlackElo "2182"]
[PlyCount "103"]
[EventDate "2018.06.12"]
[EventType "swiss"]
[EventRounds "9"]
[EventCountry "RUS"]
[SourceTitle "CBM 185 Extra"]
[Source "ChessBase"]
[SourceDate "2018.07.29"]
[SourceVersion "1"]
[SourceVersionDate "2018.07.29"]
[SourceQuality "1"]

1. d4 Nf6 2. Bg5 e6 3. e4 h6 4. Bxf6 Qxf6 5. Nf3 d6 6. Nc3 Nd7 7. Qd2 c6 8. 0-0-0 e5 9. Kb1 Be7 10. Ne2 exd4 11. Nfxd4 Nc5 12. Ng3 g6 13. f4 Bg4 14. Be2 Bxe2 15. Ndxe2 0-0-0 16. Nd4 Rhe8 17. Nb3 Nxb3 18. axb3 Bf8 19. Rhe1 Bg7 20. c3 Qe6 21. Kc2 Kb8 22. Qd3 h5 23. Qf3 h4 24. Nf1 d5 25. f5 Qd6 26. exd5 Rxe1 27. Rxe1 cxd5 28. Rd1 Qe5 29. Ne3 Qxh2 30. f6 Bf8 31. Nxd5 Qe5 32. b4 Bd6 33. Rd4 g5 34. Qd3 Bf8 35. c4 Bxb4 36. Re4 Qf5 37. Kb3 Bd6 38. Ka2 a6 39. Qd4 Bg3 40. Re7 Qc2 41. Rxb7+ Kxb7 42. Qb6+ Ka8 43. Qxa6+ Kb8 44. Qb6+ Ka8 45. Qxd8+ Kb7 46. Qd7+ Kb8 47. Qe8+ Kb7 48. Qxf7+ Kb8 49. Qe8+ Ka7 50. Qd7+ Ka8 51. Nb6+ Kb8 52. f7 1-0

[Event "Marianske Lazne IM-B1 17th"]
[Site "Marianske Lazne"]
[Date "2018.01.25"]
[Round "7"]
[White "Siekanski, Janusz"]
[Black "German, Nikita"]
[Result "1-0"]
[WhiteElo "2272"]
[BlackElo "2229"]
[PlyCount "65"]
[EventDate "2018.01.20"]
[EventType "tourn"]
[EventRounds "9"]
[EventCountry "CZE"]
[EventCategory "1"]
[SourceTitle "CBM 182 Extra"]
[Source "ChessBase"]
[SourceDate "2018.02.23"]
[SourceVersion "1"]
[SourceVersionDate "2018.02.23"]
[SourceQuality "1"]

1. d4 Nf6 2. c4 g6 3. Nc3 d5 4. cxd5 Nxd5 5. e4 Nxc3 6. bxc3 Bg7 7. Qa4+ Nd7 8. Nf3 0-0 9. Bg5 c5 10. Rc1 Qc7 11. Bd3 a6 12. Qa3 e5 13. 0-0 Re8 14. Bc4 Nb6 15. Bb3 c4 16. Bc2 Nd7 17. Be7 b5 18. Bd6 Qb6 19. Bxe5 Nxe5 20. Nxe5 Bxe5 21. dxe5 Rxe5 22. Rcd1 Re6 23. Qc1 a5 24. Kh1 Bb7 25. Qf4 Rae8 26. Rd7 R6e7 27. Rfd1 b4 28. Rxe7 Rxe7 29. h4 b3 30. axb3 cxb3 31. Rd6 Qc7 32. Bxb3 Rxe4 33. Rxg6+ 1-0

[Event "Marianske Lazne IM-B1 17th"]
[Site "Marianske Lazne"]
[Date "2018.01.20"]
[Round "1"]
[White "German, Nikita"]
[Black "Varitski, Igor"]
[Result "1-0"]
[WhiteElo "2229"]
[BlackElo "2246"]
[PlyCount "67"]
[EventDate "2018.01.20"]
[EventType "tourn"]
[EventRounds "9"]
[EventCountry "CZE"]
[EventCategory "1"]
[SourceTitle "CBM 182 Extra"]
[Source "ChessBase"]
[SourceDate "2018.02.23"]
[SourceVersion "1"]
[SourceVersionDate "2018.02.23"]
[SourceQuality "1"]

1. e4 c6 2. d4 d5 3. Nc3 dxe4 4. Nxe4 Bf5 5. Ng3 Bg6 6. h4 h6 7. Nf3 Nd7 8. h5 Bh7 9. Bd3 Bxd3 10. Qxd3 e6 11. Bd2 Ngf6 12. 0-0-0 Be7 13. Ne4 Nxe4 14. Qxe4 Nf6 15. Qe2 Qd5 16. Kb1 Qe4 17. Be3 Nd5 18. Nd2 Qh7 19. g4 a5 20. Nc4 a4 21. a3 0-0 22. Rdg1 b5 23. Ne5 b4 24. g5 Bxg5 25. Bxg5 hxg5 26. axb4 Nxb4 27. h6 a3 28. hxg7 Qxg7 29. f4 axb2 30. Rxg5 Qxg5 31. fxg5 Ra1+ 32. Kxb2 Rxh1 33. g6 f6 34. Nd7 1-0

[Event "Marianske Lazne IM-B1 16th"]
[Site "Marianske Lazne"]
[Date "2017.01.27"]
[Round "8"]
[White "German, Nikita"]
[Black "Plat, Vojtech"]
[Result "0-1"]
[WhiteElo "2095"]
[BlackElo "2520"]
[PlyCount "114"]
[EventDate "2017.01.21"]
[EventType "tourn"]
[EventRounds "9"]
[EventCountry "CZE"]
[EventCategory "1"]
[SourceTitle "CBM 176 Extra"]
[Source "ChessBase"]
[SourceDate "2017.03.02"]
[SourceVersion "1"]
[SourceVersionDate "2017.03.02"]
[SourceQuality "1"]

1. e4 c5 2. Nf3 e6 3. d4 cxd4 4. Nxd4 Nc6 5. Nc3 d6 6. Be2 Be7 7. 0-0 Nf6 8. Kh1 0-0 9. f4 a6 10. Bf3 Bd7 11. Nb3 Qc7 12. g4 b5 13. g5 Ne8 14. Bg2 b4 15. Ne2 f6 16. Ned4 fxg5 17. Nxc6 Qxc6 18. Nd4 Qc4 19. fxg5 Rxf1+ 20. Bxf1 Qc5 21. a3 Nc7 22. Be3 Qe5 23. Bg2 bxa3 24. Rxa3 Rf8 25. Rc3 Ne8 26. Qd3 Qa5 27. Ra3 Qe1+ 28. Bg1 Qc1 29. Qb3 Bxg5 30. Nxe6 Bxe6 31. Qxe6+ Kh8 32. Rf3 Bf6 33. Qb3 Rg8 34. c3 Be5 35. Rf1 Qh6 36. Qf7 Nf6 37. Qe6 Qh4 38. Qh3 Qxh3 39. Bxh3 Rb8 40. Ra1 Rxb2 41. Rxa6 g6 42. Ra8+ Kg7 43. Ra7+ Kh6 44. Be6 Re2 45. Ra2 Rxe4 46. c4 Re1 47. Kg2 Bxh2 48. Bxh2 Rxe6 49. Ra6 Ne4 50. c5 Nxc5 51. Rxd6 Rxd6 52. Bxd6 Ne6 53. Kg3 Kg5 54. Be7+ Kf5 55. Kh3 g5 56. Bd6 h5 57. Bb8 Nf4+ 0-1

[Event "Wch U16"]
[Site "Khanty-Mansiysk"]
[Date "2016.10.02"]
[Round "10"]
[White "Mesaros, Florian"]
[Black "German, Nikita"]
[Result "1/2-1/2"]
[WhiteElo "2321"]
[BlackElo "2106"]
[PlyCount "107"]
[EventDate "2016.09.22"]
[EventType "swiss"]
[EventRounds "11"]
[EventCountry "RUS"]
[SourceTitle "EXT 2017"]
[Source "ChessBase"]
[SourceDate "2016.10.25"]
[SourceVersion "1"]
[SourceVersionDate "2016.10.25"]
[SourceQuality "1"]

1. Nf3 Nf6 2. g3 g6 3. b3 Bg7 4. Bb2 d6 5. d4 0-0 6. Bg2 Nbd7 7. 0-0 e5 8. dxe5 Ng4 9. Qd2 Ngxe5 10. c4 a5 11. Nc3 a4 12. Nd4 Nc5 13. Nd5 Bd7 14. f4 Ng4 15. b4 a3 16. Bc3 Na4 17. h3 Nf6 18. Rad1 Nxc3 19. Nxc3 c6 20. Kh2 Qb6 21. b5 Rfd8 22. Qd3 Qc5 23. Bf3 d5 24. cxd5 Nxd5 25. Ne4 Qb6 26. Ng5 Ra4 27. Nc2 Nc3 28. Rd2 Qxb5 29. Qxb5 cxb5 30. Bxb7 h6 31. Nf3 Ra7 32. Bc6 Rc7 33. Bxd7 Rcxd7 34. Rxd7 Rxd7 35. Nxa3 b4 36. Nc2 Nxa2 37. Rb1 Rc7 38. Nfd4 Rc4 39. e3 Bf8 40. Kg2 Nc3 41. Rb3 Kg7 42. Kf3 h5 43. Rb2 Nd1 44. Rb1 Nc3 45. Re1 Na2 46. Na1 Nc1 47. Nab3 Nxb3 48. Nxb3 Rc3 49. Rb1 Kf6 50. Nd2 Ke6 51. Ne4 Rc4 52. Rb3 Be7 53. Nd2 Rc3 54. Ke2 1/2-1/2

[Event "Wch U16"]
[Site "Khanty-Mansiysk"]
[Date "2016.09.24"]
[Round "3"]
[White "German, Nikita"]
[Black "Poleg, Dan"]
[Result "1/2-1/2"]
[WhiteElo "2106"]
[BlackElo "2321"]
[PlyCount "48"]
[EventDate "2016.09.22"]
[EventType "swiss"]
[EventRounds "11"]
[EventCountry "RUS"]
[SourceTitle "EXT 2017"]
[Source "ChessBase"]
[SourceDate "2016.10.25"]
[SourceVersion "1"]
[SourceVersionDate "2016.10.25"]
[SourceQuality "1"]

1. e4 e5 2. Nf3 Nc6 3. Bb5 g6 4. d4 exd4 5. Nxd4 Bg7 6. Nxc6 bxc6 7. Bc4 Ne7 8. Nc3 0-0 9. 0-0 d6 10. Re1 Rb8 11. Bb3 Be6 12. Bg5 h6 13. Bh4 g5 14. Bg3 Ng6 15. Qd3 Qc8 16. Rab1 Re8 17. Ne2 c5 18. Nc3 Ne5 19. Bxe5 Bxe5 20. Nd5 Bg7 21. Kh1 Qd7 22. Ne3 Qe7 23. Nd5 Qd8 24. f4 gxf4 1/2-1/2

[Event "EU-ch U16 26th"]
[Site "Prague"]
[Date "2016.08.25"]
[Round "7"]
[White "German, Nikita"]
[Black "Hakobyan, Hakob V"]
[Result "1/2-1/2"]
[WhiteElo "2223"]
[BlackElo "1792"]
[PlyCount "78"]
[EventDate "2016.08.18"]
[EventType "swiss"]
[EventRounds "9"]
[EventCountry "CZE"]
[SourceTitle "CBM 174 Extra"]
[Source "ChessBase"]
[SourceDate "2016.10.10"]
[SourceVersion "1"]
[SourceVersionDate "2016.10.10"]
[SourceQuality "1"]

1. e4 c5 2. Nf3 Nc6 3. Bb5 e6 4. Bxc6 bxc6 5. 0-0 Ne7 6. Re1 Ng6 7. e5 f6 8. exf6 Qxf6 9. Nc3 Qd8 10. d4 cxd4 11. Qxd4 Qb6 12. Qe4 Be7 13. h4 0-0 14. Na4 Qa5 15. Bd2 Qf5 16. Qxf5 Rxf5 17. Bg5 Bxg5 18. hxg5 e5 19. Nc5 d5 20. Re3 e4 21. Nd4 Rxg5 22. Nxc6 d4 23. Nxe4 Rxg2+ 24. Kxg2 dxe3 25. Na5 Rb8 26. b3 Bf5 27. Nd6 Bxc2 28. fxe3 Nh4+ 29. Kg3 Nf5+ 30. Nxf5 Bxf5 31. Nc6 Re8 32. Nxa7 g5 33. Kf2 Be4 34. Rg1 Rf8+ 35. Ke2 Bf3+ 36. Kf2 g4 37. Kg3 Ra8 38. Nb5 Rxa2 39. Nd4 Rb2 1/2-1/2

[Event "EU-ch U16 26th"]
[Site "Prague"]
[Date "2016.08.24"]
[Round "6"]
[White "Janik, Igor"]
[Black "German, Nikita"]
[Result "1-0"]
[WhiteElo "2303"]
[BlackElo "2223"]
[PlyCount "69"]
[EventDate "2016.08.18"]
[EventType "swiss"]
[EventRounds "9"]
[EventCountry "CZE"]
[SourceTitle "CBM 174 Extra"]
[Source "ChessBase"]
[SourceDate "2016.10.10"]
[SourceVersion "1"]
[SourceVersionDate "2016.10.10"]
[SourceQuality "1"]

1. e4 c5 2. Nf3 e6 3. d4 cxd4 4. Nxd4 a6 5. c4 Nf6 6. Nc3 Qc7 7. Be2 b6 8. 0-0 Bb7 9. f3 Be7 10. Be3 d6 11. Qd2 Nbd7 12. Rfc1 0-0 13. a4 Rac8 14. a5 bxa5 15. Nb3 Qb8 16. Nxa5 Ba8 17. b4 Rfd8 18. Rab1 Qc7 19. Na4 Rb8 20. Bf1 Ne8 21. Kh1 d5 22. cxd5 Bxb4 23. Rxb4 Qxa5 24. Rxb8 Qxd2 25. Rxd8 Qxe3 26. Rxe8+ Nf8 27. Rb1 Bb7 28. Nb6 g6 29. dxe6 fxe6 30. Nd7 Bc6 31. Rxf8+ Kg7 32. Rd8 Qg5 33. Nf8 Kf7 34. Rc8 Be8 35. Nxe6 1-0

[Event "EU-ch U16 26th"]
[Site "Prague"]
[Date "2016.08.21"]
[Round "4"]
[White "German, Nikita"]
[Black "Acs, Marton"]
[Result "1-0"]
[WhiteElo "2223"]
[BlackElo "2030"]
[PlyCount "71"]
[EventDate "2016.08.18"]
[EventType "swiss"]
[EventRounds "9"]
[EventCountry "CZE"]
[SourceTitle "CBM 174 Extra"]
[Source "ChessBase"]
[SourceDate "2016.10.10"]
[SourceVersion "1"]
[SourceVersionDate "2016.10.10"]
[SourceQuality "1"]

1. e4 e5 2. Nf3 Nc6 3. Bb5 a6 4. Ba4 Nf6 5. 0-0 Be7 6. Re1 b5 7. Bb3 d6 8. c3 0-0 9. h3 Nb8 10. d4 Nbd7 11. Nbd2 Bb7 12. Bc2 c5 13. b3 Qc7 14. d5 c4 15. bxc4 bxc4 16. Qe2 a5 17. Qxc4 Qxc4 18. Nxc4 Rfc8 19. Nfd2 Ba6 20. Nxa5 Rxc3 21. Nc6 Bb5 22. Nxe7+ Kf8 23. Nf5 Rxc2 24. Nxd6 Bd3 25. Re3 Nc5 26. Nb7 Nxb7 27. Rxd3 Nc5 28. Re3 Raxa2 29. Rxa2 Rxa2 30. Ba3 Rxd2 31. Bxc5+ Ke8 32. Bd6 Nd7 33. Ra3 f5 34. Ra8+ Kf7 35. Rd8 Nf6 36. exf5 1-0

[Event "EU-ch U16 26th"]
[Site "Prague"]
[Date "2016.08.19"]
[Round "2"]
[White "Slomczewski, Michal"]
[Black "German, Nikita"]
[Result "1-0"]
[WhiteElo "1920"]
[BlackElo "2223"]
[PlyCount "101"]
[EventDate "2016.08.18"]
[EventType "swiss"]
[EventRounds "9"]
[EventCountry "CZE"]
[SourceTitle "CBM 174 Extra"]
[Source "ChessBase"]
[SourceDate "2016.10.10"]
[SourceVersion "1"]
[SourceVersionDate "2016.10.10"]
[SourceQuality "1"]

1. c4 Nf6 2. Nc3 g6 3. d4 Bg7 4. Bg5 d6 5. e3 c6 6. Nf3 h6 7. Bh4 Na6 8. a3 Nc7 9. Qc2 Rb8 10. Be2 0-0 11. 0-0 Bf5 12. e4 Bg4 13. Ne1 Bxe2 14. Qxe2 Ne6 15. Nc2 a5 16. f4 Nh5 17. Qe3 c5 18. dxc5 dxc5 19. Nd5 Re8 20. e5 Qd7 21. f5 Nd4 22. Nxd4 cxd4 23. Qe2 e6 24. fxg6 fxg6 25. Nf6+ Bxf6 26. exf6 Kf7 27. g4 g5 28. Qe4 Rh8 29. gxh5 gxh4 30. Qg6+ Kf8 31. f7 Qe7 32. Rf6 b5 33. Re1 e5 34. Qf5 d3 35. Rg6 d2 36. Rf1 Qa7+ 37. Kg2 Qb7+ 38. Kg1 Qa7+ 39. Kg2 Qc7 40. Kh3 Qc8 41. Re6 Qxc4 42. Qf6 Qb3+ 43. Kxh4 Qc4+ 44. Kh3 Qb3+ 45. Kg2 Qd5+ 46. Rf3 Qxe6 47. Qxh8+ Ke7 48. f8Q+ Rxf8 49. Qxf8+ Kd7 50. Rf7+ Kc6 51. Rf6 1-0

[Event "Amsterdam Science Park op-A"]
[Site "Amsterdam"]
[Date "2016.07.17"]
[Round "9"]
[White "Bosboom, Manuel"]
[Black "German, Nikita"]
[Result "1/2-1/2"]
[WhiteElo "2397"]
[BlackElo "2077"]
[PlyCount "170"]
[EventDate "2016.07.09"]
[EventType "swiss"]
[EventRounds "9"]
[EventCountry "NED"]
[SourceTitle "CBM 173 Extra"]
[Source "ChessBase"]
[SourceDate "2016.08.29"]
[SourceVersion "1"]
[SourceVersionDate "2016.08.29"]
[SourceQuality "1"]

1. Nf3 Nf6 2. g3 g6 3. Bg2 Bg7 4. c4 d6 5. 0-0 0-0 6. Nc3 c6 7. d3 e5 8. Rb1 Nbd7 9. b4 d5 10. cxd5 cxd5 11. Qb3 d4 12. Na4 Nb6 13. Nc5 Nfd5 14. Bd2 Nc3 15. Bxc3 dxc3 16. e4 a5 17. a3 axb4 18. axb4 Qe7 19. Rfc1 Bg4 20. Rxc3 Rfd8 21. Qc2 Bf8 22. Nd2 Rd4 23. h3 Be6 24. Nf3 Rdd8 25. h4 Ra2 26. Qc1 Bg4 27. Rc2 Rda8 28. Rxa2 Rxa2 29. Qc3 Bg7 30. Ra1 Rxa1+ 31. Qxa1 Bxf3 32. Bxf3 Nd7 33. Qa8+ Bf8 34. Nxb7 Qxb4 35. Kg2 Nc5 36. Nxc5 Qxc5 37. Bd1 Qa3 38. Qd5 Qc5 39. Qa2 Qa3 40. Qb1 Qb4 41. Bb3 Qd2 42. Bc4 Qb4 43. Qd1 Qe7 44. Qg4 Kg7 45. h5 Qf6 46. hxg6 hxg6 47. Qc8 Ba3 48. d4 exd4 49. Qd7 d3 50. Qxd3 Bc5 51. Qe2 Bd4 52. Bd5 g5 53. Bb7 Be5 54. Bc8 Bd4 55. Bf5 Be5 56. Qb5 Ba1 57. Kh3 Bd4 58. Qe2 Qh6+ 59. Kg2 Qb6 60. Bg4 Qf6 61. Qd2 Bc3 62. Qc2 Bd4 63. Bf5 Be5 64. Kf3 Bd4 65. Kg4 Ba1 66. Qc1 Bd4 67. f3 Be5 68. Qh1 Qh6 69. Qg1 Bd6 70. Qd4+ Qf6 71. Qe3 Be5 72. f4 gxf4 73. gxf4 Bd4 74. Qd3 Ba1 75. Qh3 Qh6 76. Qf1 Bd4 77. Qg2 Qb6 78. Kh5+ Kf8 79. e5 Qb2 80. Qd5 Kg7 81. Qd6 Qb6 82. Qa3 Qh6+ 83. Kg4 Qh2 84. Qg3 Qxg3+ 85. Kxg3 Kf8 1/2-1/2

[Event "Marianske Lazne IM1 15th"]
[Site "Marianske Lazne"]
[Date "2016.01.20"]
[Round "6"]
[White "Grela, Kacper"]
[Black "German, Nikita"]
[Result "1-0"]
[WhiteElo "2292"]
[BlackElo "2078"]
[PlyCount "85"]
[EventDate "2016.01.16"]
[EventType "tourn"]
[EventRounds "9"]
[EventCountry "CZE"]
[EventCategory "1"]
[SourceTitle "CBM 170 Extra"]
[Source "ChessBase"]
[SourceDate "2016.02.25"]
[SourceVersion "1"]
[SourceVersionDate "2016.02.25"]
[SourceQuality "1"]

1. e4 c5 2. Nf3 e6 3. d4 cxd4 4. Nxd4 a6 5. Bd3 Qc7 6. 0-0 Nf6 7. Qe2 d6 8. c4 g6 9. Nc3 Bg7 10. Nf3 Nbd7 11. Rd1 0-0 12. Bc2 b6 13. Bf4 Ne5 14. Nxe5 dxe5 15. Be3 Bd7 16. b4 Rfc8 17. Bb3 Bf8 18. a3 a5 19. b5 Be8 20. Na4 Rab8 21. f3 Nd7 22. Rxd7 Bxd7 23. Qf2 Bc5 24. Nxc5 bxc5 25. Bg5 Be8 26. Bf6 h6 27. Qh4 Kh7 28. Bg5 h5 29. Bf6 Qd6 30. Rd1 Qf8 31. Bxe5 Rb7 32. Qf6 Rd7 33. Rf1 Rd3 34. Bc2 Rxa3 35. f4 Re3 36. f5 exf5 37. exf5 Rxe5 38. fxg6+ Kg8 39. Qxe5 Qh6 40. Qd5 Qe3+ 41. Kh1 Rc7 42. b6 Re7 43. b7 1-0

[Event "Marianske Lazne IM1 15th"]
[Site "Marianske Lazne"]
[Date "2016.01.19"]
[Round "5"]
[White "German, Nikita"]
[Black "Obolentseva, Alexandra"]
[Result "1/2-1/2"]
[WhiteElo "2078"]
[BlackElo "2194"]
[PlyCount "56"]
[EventDate "2016.01.16"]
[EventType "tourn"]
[EventRounds "9"]
[EventCountry "CZE"]
[EventCategory "1"]
[SourceTitle "CBM 170 Extra"]
[Source "ChessBase"]
[SourceDate "2016.02.25"]
[SourceVersion "1"]
[SourceVersionDate "2016.02.25"]
[SourceQuality "1"]

1. e4 c5 2. Nf3 d6 3. d4 cxd4 4. Nxd4 Nf6 5. Nc3 a6 6. Be2 e6 7. f4 Qb6 8. a4 Nbd7 9. a5 Qa7 10. Be3 b5 11. axb6 Nxb6 12. 0-0 Qc7 13. Bd3 Bb7 14. Qe2 Be7 15. Bxa6 0-0 16. Bxb7 Qxb7 17. Bf2 Rab8 18. Ndb5 Nc8 19. Rfe1 Nd7 20. b3 Qc6 21. Qf3 Rxb5 22. Nxb5 Qxb5 23. c4 Qb7 24. Red1 Nc5 25. Bxc5 dxc5 26. e5 Qc7 27. Ra6 h6 28. Qc6 Qb8 1/2-1/2

[Event "Moscow Botvinnik Memorial-A"]
[Site "Moscow"]
[Date "2015.12.17"]
[Round "7"]
[White "Voloshin, Pavel"]
[Black "German, Nikita"]
[Result "1/2-1/2"]
[WhiteElo "2042"]
[BlackElo "2085"]
[PlyCount "30"]
[EventDate "2015.12.03"]
[EventType "tourn"]
[EventRounds "9"]
[EventCountry "RUS"]
[EventCategory "2"]
[SourceTitle "CBM 170 Extra"]
[Source "ChessBase"]
[SourceDate "2016.02.25"]
[SourceVersion "1"]
[SourceVersionDate "2016.02.25"]
[SourceQuality "1"]

1. e4 c5 2. c3 d5 3. exd5 Qxd5 4. d4 Nf6 5. Nf3 e6 6. Be2 Nc6 7. 0-0 Be7 8. Be3 cxd4 9. Nxd4 Nxd4 10. Qxd4 Qxd4 11. Bxd4 0-0 12. Nd2 Bd7 13. Rfd1 Bc6 14. Bf3 Bxf3 15. Nxf3 Nd5 1/2-1/2